Normal view
MARC view
Entry Personal Name
001 - CONTROL NUMBER
- control field: 18377
003 - CONTROL NUMBER IDENTIFIER
- control field: dpl
005 - DATE AND TIME OF LATEST TRANSACTION
- control field: 20100904145228.0
008 - FIXED-LENGTH DATA ELEMENTS
- fixed length control field: 100904|||a|||||| | ||| d
040 ## - CATALOGING SOURCE
- Original cataloging agency: dpl
- Transcribing agency: dpl
100 ## - HEADING--PERSONAL NAME
- Personal name: जेकब
670 ## - SOURCE DATA FOUND
- Source citation: Work cat.: (dpl)29964: जेकब, ग्रीम्स ब्रदर्स की विश्व प्रसिद्ध कहानियाँ, 2009
670 ## - SOURCE DATA FOUND
- Source citation: Work cat.: (dpl)29964: जेकब, ग्रीम्स ब्रदर्स की विश्व प्रसिद्ध कहानियाँ, 2009
